Toutes les villes de France ayant un réseau de bus - Statistiques

Statistiques générales
  • Ce quiz a été pris 429 fois
    332 depuis la dernière actualisation
  • Le résultat moyen est 97 sur 329
Réponses sur la Carte
Les réponses sont colorées sur une échelle allant du rouge au vert en fonction du pourcentage des utilisateurs qui les ont devinées à leur premier essai. Vous pouvez retrouver ces pourcentages ci-dessous.
 
Statistiques - réponses
Département Nom du réseau Ville % Correct
75 RATP Paris
86%
13 RTM Marseille
81%
59 Ilévia Lille
76%
69 TCL Lyon
75%
06 Lignes d'Azur Nice
75%
44 TAN Nantes
72%
33 TBM Bordeaux
70%
29 BIBUS Brest
70%
31 Tisséo Toulouse
70%
67 CTS Strasbourg
66%
2A Muvistrada Ajaccio
65%
35 STAR Rennes
65%
34 TaM Montpellier
64%
2B Société des autobus bastiais Bastia
63%
14 Twisto Caen
61%
59 DK'Bus Dunkerque
60%
57 le Met' Metz
60%
21 Divia Dijon
59%
76 Lia Le Havre
59%
54 STAN Nancy
59%
66 Sankéo Perpignan
59%
42 STAS Saint-Étienne
59%
80 Amétis Amiens
57%
62 Imag'in Calais
57%
38 TAG Grenoble
57%
85 Impulsyon La Roche-sur-Yon
57%
30 Tango! Nîmes
57%
83 Mistral Toulon
57%
51 Citura Reims
56%
37 Fil Bleu Tours
56%
26 Citéa Valence
56%
49 Irigo Angers
55%
01 Rubis Bourg-en-Bresse
55%
60 Lebus Clermont
55%
63 T2C Clermont-Ferrand
55%
45 TAO Orléans
54%
13 Aix en bus Aix-en-Provence
53%
06 Palm bus Cannes
53%
17 Autobus Yélo La Rochelle
53%
62 Tadao Lens | Béthune
53%
29 Qub Quimper
53%
72 SETRAM Le Mans
52%
64 Idelis Pau
52%
76 Astuce Rouen
52%
974 Citalis Saint-Denis
52%
64 Chronoplus Bayonne
51%
68 Soléa Mulhouse
51%
74 SIBRA Annecy
50%
84 Orizo Avignon
50%
87 STCL Limoges
50%
25 Ginko Besançon
49%
68 Trace Colmar
49%
56 IZILO Lorient
49%
35 Malo Agglo Transports Saint-Malo
49%
86 Vitalis Poitiers
48%
10 TCAT Troyes
46%
62 Artis Arras
45%
56 Kicéo Vannes
45%
89 Leo Auxerre
44%
90 Optymo Belfort
44%
05 l'Agglo en bus Gap
44%
34 Sète Agglopôle Mobilité Sète
44%
11 RTCA Carcassonne
43%
973 agglo'bus Cayenne
43%
11 Citibus Narbonne
43%
59 Transvilles Valenciennes
43%
33 Baïa Arcachon
42%
13 Envia Arles
42%
34 Beemob Béziers
42%
51 SITAC Châlons-en-Champagne
42%
73 Synchro Bus Chambéry
42%
79 TAN Niort
42%
08 TAC Charleville-Mézières
41%
972 Mozaïk Fort-de-France
41%
53 TUL Laval
41%
50 SLAM BUS Saint-Lô
41%
18 AggloBus Bourges
40%
59 Évéole Douai
40%
22 TUB Saint-Brieuc
40%
44 Ycéo Saint-Nazaire
40%
60 Corolis Beauvais
39%
62 Marinéo Boulogne-sur-Mer
39%
27 Trans Urbain Évreux
39%
06 Zest'bus Menton
39%
41 Azalys Blois
38%
71 TREMA Mâcon
38%
82 Transports Montalbanais Montauban
38%
12 Agglobus Rodez
38%
81 LibéA Albi
37%
36 Horizon Châteauroux
37%
22 Guingamp-Paimpol Mobilités Guingamp
37%
65 TLP Mobilités Tarbes
37%
03 Mobivie Vichy
37%
61 Alto Alençon
36%
30 Ales'Y Alès
36%
06 Envibus Antibes
36%
28 Filibus Chartres
36%
49 Choletbus Cholet
36%
40 Couralin Dax
36%
88 Imagine Épinal
36%
02 TUL Laon
36%
58 Taneo Nevers
36%
24 Péribus Périgueux
36%
47 Tempo Agen
35%
16 Möbius Angoulême
35%
09 l'Agglo bus Foix
35%
83 Esterel Côte d'Azur Agglomération LeBus Fréjus
35%
85 Oléane Mobilités Les Sables-d'Olonne
35%
26 Montélibus Montélimar
35%
974 Alternéo Saint-Pierre
35%
74 TAC Annemasse
34%
15 Trans'Cab Aurillac
34%
76 Deep Mob Dieppe
34%
976 Caribus Mamoudzou
34%
04 RTUD Digne-les-Bains
33%
23 Agglo'Bus Guéret
33%
43 TUDIP Le Puy-en-Velay
33%
48 TUM Mende
33%
03 Aleo Moulins
33%
49 Saumur Agglobus Saumur
33%
55 REZO Grand Verdun Verdun
33%
32 Alliance Bus Auch
32%
40 TMA Mont-de-Marsan
32%
84 TCVO Orange
32%
42 STAR Roanne
32%
17 Buss Saintes
32%
02 Bus pastel Saint-Quentin
32%
19 TUT'Agglo Tulle
32%
55 TUB Bar-le-Duc
31%
19 Libéo Brive-la-Gaillarde
31%
81 Libellus Castres
31%
07 T'cap Privas
31%
38 L'va Vienne
31%
34 Cap'bus Agde
30%
60 TIC Compiègne
30%
22 Dinamo ! Dinan
30%
83 Tedbus Draguignan
30%
25 CTPM Montbéliard
30%
03 Maelis Montluçon
30%
29 Linéotim Morlaix
30%
13 Lignes de l'agglo Aubagne
29%
46 Evidence Cahors
29%
50 Cap Cotentin Cherbourg-en-Cotentin
29%
35 Dinard Bus Dinard
29%
06 Sillages Grasse
29%
13 Ciotabus La Ciotat
29%
22 TILT Lannion
29%
39 Tallis Lons-le-Saunier
29%
01 Duobus Oyonnax
29%
2A A Citadina Porto-Vecchio
29%
56 Quib'bus Quiberon
29%
17 Cara'Bus Royan
29%
974 Kar'Ouest Saint-Paul
29%
89 Intercom Sens
29%
05 TUB Briançon
28%
60 AXO Creil
28%
39 TGD Dole
28%
28 Linead Dreux
28%
57 Forbus Forbach
28%
12 Mio Millau
28%
17 R'Bus Rochefort
28%
02 SITUS Soissons
28%
57 Citéline Thionville
28%
74 Star't Thonon-les-Bains
28%
70 V-Bus+ Vesoul
28%
69 Libellule Villefranche-sur-Saône
28%
73 Ondéa Aix-les-Bains
27%
52 C.Mon Bus Chaumont
27%
35 SURF Fougères
27%
34 Transports du pays de Lunel Lunel
27%
13 Ulysse Martigues
27%
971 Karu'Lis Pointe-à-Pitre
27%
21 Côte&Bus Beaune
26%
29 Coralie Concarneau
26%
45 Amelys Montargis
26%
63 RLV Mobilités Riom
26%
64 Hegobus Saint-Jean-de-Luz
26%
80 BAAG Abbeville
25%
40 Bisca Bus Biscarrosse
25%
974 CARSUD Le Tampon
25%
59 Stibus Maubeuge
25%
53 May'bus Mayenne
25%
18 Le Vib' Vierzon
25%
73 Transports Région Arlysère Albertville
24%
14 Bybus Bayeux
24%
84 Trans'Cove Carpentras
24%
71 Zoom Chalon-sur-Saône
24%
57 Cabus Sarreguemines
24%
56 Auray Bus Auray
23%
50 SéeBus Avranches
23%
59 TUC Cambrai
23%
86 TAC Châtellerault
23%
74 ÉVA'D Évian-les-Bains
23%
63 Cherpa Issoire
23%
33 Calibus Libourne
23%
56 PondiBUS Pontivy
23%
29 TBK Quimperlé
23%
63 TUT Thiers
23%
35 Vit'o Bus Vitré
23%
61 Argentan Argentan
22%
71 TransAutun/TEA Autun
22%
24 TUB Bergerac
22%
16 TransCom Cognac
22%
01 TPG, ABG Gex
22%
14 H.O.bus Honfleur
22%
14 Astrobus Lisieux
22%
54 Lunéo Lunéville
22%
26 Nyons bus Nyons
22%
68 Distribus Saint-Louis
22%
62 Mouvéo Saint-Omer
22%
67 TIS Sélestat
22%
38 Pays voironnais Mobilité Voiron
22%
02 Fablio Château-Thierry
21%
29 TUD'bus Douarnenez
21%
51 Mouvéo Epernay
21%
67 Ritmo Haguenau
21%
25 TCP Pontarlier
21%
52 Ticéa Saint-Dizier
21%
13 Libébus Salon-de-Provence
21%
57 Isibus Sarrebourg
21%
07 Tout'enbus Aubenas
20%
44 C'bus Châteaubriant
20%
50 NEVA Granville
20%
71 MonRézo Le Creusot
20%
56 Belle-Île bus Le Palais | Belle-Île-en-Mer
20%
15 Floribus Saint-Flour
20%
24 Sarlat Bus Sarlat-la-Canéda
20%
07 CoqueliGO Annonay
19%
38 Ruban Bourgoin-Jallieu
19%
11 Darybus Castelnaudary
19%
74 Chamonix Bus Chamonix-Mont-Blanc
19%
28 C'bus Châteaudun
19%
70 Transports en commun de Gray Gray
19%
09 Navettes urbaines Pamiers
19%
60 TUS Senlis
19%
66 d'Aqui Argelès-sur-Mer
18%
04 Les navettes de l'Ubaye Barcelonnette
18%
46 Le Bus Figeac
18%
41 Move Vendôme
18%
62 CA2BM Berck
17%
37 Sitravel Chinon
17%
50 Cosibus Coutances
17%
76 Ficibus Fécamp
17%
29 Ar Bus Landerneau
17%
04 Trans'Agglo Manosque
17%
47 Evalys Marmande
17%
29 Rosko Bus Roscoff
17%
31 Movigo Saint-Gaudens
17%
37 Le Bus Amboise
16%
79 Tréma Bressuire
16%
52 Bus Étoile Langres
16%
27 SN'go Vernon
16%
47 Elios Villeneuve-sur-Lot
16%
01 Tam Ambérieu-en-Bugey
15%
83 Mouv'en bus Brignoles
15%
84 C'mon bus Cavaillon
15%
36 TIG Issoudun
15%
22 Distribus Lamballe-Armor
15%
38 TransTour La Tour-du-Pin
15%
64 La Navette Oloron-Sainte-Marie
15%
974 Réseau Estival Saint-Benoît
15%
12 Bastibus Villefranche-de-Rouergue
15%
51 Vitry Bus Vitry-le-François
15%
89 Citéo Avallon
14%
60 DUC Chantilly
14%
58 Le Papillon Cosne-Cours-sur-Loire
14%
44 Lila Presqu'île Guérande
14%
54 Le Bus Pont à Mousson
14%
72 Réso Sablé-sur-Sarthe
14%
39 Urbus Saint-Claude
14%
07 Le bus Tournon-sur-Rhône
14%
56 Carnavette Carnac
13%
61 Némus Flers
13%
81 Navettes urbaines Gaillac
13%
27 Gibus Gisors
13%
69 CORUS Tarare
13%
85 Fontélys Fontenay-le-Comte
12%
45 Proxi'Bus Gien
12%
54 TGL Longwy
12%
28 NosBus Nogent-le-Rotrou
12%
60 Lib'bus Noyon
12%
57 Transavold Saint-Avold
12%
76 Vikibus Yvetot
12%
27 Bmob Bernay
11%
82 La Tulipe Castelsarrasin
11%
13 Salon étang côte bleue Marignane
11%
18 Pepita Saint-Amand-Montrond
11%
14 Amibus Vire-Normandie
11%
29 Hep le bus ! Carhaix-Plouguer
10%
89 La P'tite Navette Joigny
10%
70 Luxeuil Bus Luxeuil-les-Bains
10%
56 RIV bus Ploërmel
10%
85 Gillo'bus Saint-Gilles-Croix-de-Vie
10%
01 Mobi'vals Valserhône
10%
30 UGGO Bagnols-sur-Cèze
9%
58 Decidelà Decize
9%
27 Le Bus Pont-Audemer
9%
60 Cypré Crépy-en-Valois
8%
81 L'Isatis Lavaur
8%
01 Colibri Miribel
8%
44 Brévibus Saint-Brevin-les-Pins
8%
76 Rezo'bus Bolbec
7%
68 Boug'en Bus Cernay
7%
27 SEMO Louviers
7%
34 Transp'Or Mauguio
7%
60 Sablons Bus Méru
7%
25 Bus Municipal Morteau
7%
67 Pass'O Obernai
7%
51 TUM Sainte-Menehould
7%
76 Saint-Val'bus Saint-Valéry-en-Caux
7%
37 Fil Rouge Château-Renault
6%
60 TOHM Pont-Sainte-Maxence
6%
01 Saonibus Trévoux
6%
38 TouGo Crolles
5%
71 PLMBus Paray-le-Monial
4%
81 Le Sulpicien Saint-Sulpice-la-Pointe
4%
12 Le tub Decazeville
3%
81 Lislenbus Lisle-sur-Tarn
3%
72 Coeur de Ville Montval-sur-Loir
3%
54 T'MM Neuves-Maisons
3%
54 Le SIT Pompey
3%
40 Yégo Saint-Vincent-de-Tyrosse
3%
60 La Navette Lamorlaye
2%
74 Proxim iTi La Roche-sur-Foron
2%
972 Mobi Nord Le Lorrain
2%
39 Skibus Les Rousses
2%
972 SudLIB Sainte-Luce
2%
12 Na'V'Olt Espalion
1%
972 Trasla Gros-Morne
1%
Aucun quiz correspondant
Distribution des résultats
% des personnes avec chaque résultat
Percentile par nombre de réponses
Votre historique - résultats
Vous n’avez pas pris ce quiz depuis la dernière actualisation